Carteras fideicomitidas (Registro nro. 9511)

Detalles MARC
000 -LEADER
fixed length control field 00378 a2200133 4500
001 - CONTROL NUMBER
control field ART_9416
005 - DATE AND TIME OF LATEST TRANSACTION
control field 20260410161559.0
008 - FIXED-LENGTH DATA ELEMENTS--GENERAL INFORMATION
fixed length control field 260409a
100 1# - MAIN ENTRY--PERSONAL NAME
Personal name Simaro, Gustavo
245 10 - TITLE STATEMENT
Title Carteras fideicomitidas
700 1# - ADDED ENTRY--PERSONAL NAME
Personal name Acuña, Nicolás
700 1# - ADDED ENTRY--PERSONAL NAME
Personal name Torchelli, Valeria
773 0# - HOST ITEM ENTRY
Title Profesional & Empresaria
Related parts - Año XIII, Nº 155 (ago. 2012)
Record control number REV70

No hay ítems disponibles.